Fewest Letters II Quiz Stats

 Plays Quiz Updated Oct 1, 2018

Score 0/31 Timer 06:00
0 Plays Today
% Correct
Asia
92.6%
Red
91.4%
King
89%
Clubs
88.1%
Pawn
87.2%
Rook
83.1%
Erie
80.1%
Noun
73.9%
Verb
73.9%
Lust
73.4%
Zeus
71.3%
Spain
70.9%
Italy
70.4%
Ruby
56.7%
Envy
54.9%
Jan
54.3%
% Correct
Raphael
54%
Opal
52.1%
Tito
47.8%
Hera
44.8%
Job
44%
Ares
34.2%
Malta
33.2%
Boise
31.6%
Dover
28.1%
Salem
26.4%
Luge
25.3%
War
24.2%
U2
20.4%
Judo
14.5%
Golf
12.3%

You're not logged in!

Compare scores with friends on all Sporcle quizzes.
OR
Log In

Sporcle TV

Today on Sporcle TV


Watch our educational content, quiz creation guides, and fun videos on Sporcle TV.

Show Comments

Extras

Top Quizzes Today


Score Distribution

Your Account Isn't Verified!

In order to create a playlist on Sporcle, you need to verify the email address you used during registration. Go to your Sporcle Settings to finish the process.

Report this User

Report this user for behavior that violates our Community Guidelines.

Details: